Practice workbook in Anatomy and Physiology. (Record no. 7705)

MARC details
000 -LEADER
fixed length control field 00381nam a22001337a 4500
008 - FIXED-LENGTH DATA ELEMENTS--GENERAL INFORMATION
fixed length control field 190308b ||||| |||| 00| 0 eng d
020 ## - INTERNATIONAL STANDARD BOOK NUMBER
International Standard Book Number 9789351525356
082 ## - DEWEY DECIMAL CLASSIFICATION NUMBER
Classification number 612 A82p 2015
100 ## - MAIN ENTRY--PERSONAL NAME
Personal name Ashalotha, Pr.
245 ## - TITLE STATEMENT
Title Practice workbook in Anatomy and Physiology.
260 ## - PUBLICATION, DISTRIBUTION, ETC.
Place of publication, distribution, etc. New Delhi ;
Name of publisher, distributor, etc. Jaypee Brothers medical publishers,
Date of publication, distribution, etc. 2015.
300 ## - PHYSICAL DESCRIPTION
Extent 162 p.
Dimensions 27 cm.
942 ## - Added entry Elements (Koha)
Source of classification or shelving scheme Dewey Decimal Classification
Holdings
Withdrawn status Lost status Source of classification or shelving scheme Damaged status Not for loan Collection code Home library Current library Shelving location Date acquired Serial Enumeration / chronology Total Checkouts Total Renewals Full call number Barcode Date last seen Date last checked out Price effective from Koha item type
    Dewey Decimal Classification     Main TEST RTC Library RTC Library Main opac 08/03/2019 12843 12 7 612 ASH 30011614 01/12/2025 03/11/2025 08/03/2019 Main
    Dewey Decimal Classification     Main TEST RTC Library RTC Library Main opac 14/03/2023 177235 5 3 612 ASH 30018598 27/11/2025 28/10/2025 14/03/2023 Main
    Dewey Decimal Classification     Main TEST RTC Library RTC Library Main opac 14/03/2023 177236 4 3 612 ASH 30018643 04/12/2025 04/11/2025 14/03/2023 Main
Royal Thimphu College || All Right Reserved